|
|
|
|
| LEADER |
01289cam a2200313 7i4500 |
| 001 |
0000036450 |
| 005 |
20210216090000.0 |
| 007 |
##ta |
| 008 |
200917s2005 fluk obf 000 0 eng d |
| 020 |
# |
# |
|a 9780367393328
|
| 040 |
# |
# |
|a MATR
|
| 090 |
0 |
0 |
|a REF 338.47610280685
|b STE
|
| 100 |
1 |
# |
|a Steinborn, Leonard
|e author
|
| 245 |
0 |
0 |
|a GMP/ISO Quality Audit Manual for Healthcare Manufacturers and Their Suppliers :
|b Volume 2 :
|b Volume 2 :
|b Regulations, Standards, and Guidelines
|c Leonard Steinborn.
|
| 246 |
3 |
# |
|a Good manufacturing practice/International Organization for Standardization quality audit manual for healthcare manufacturers and their suppliers.
|
| 250 |
0 |
0 |
|a Sixth Edition.
|
| 264 |
# |
1 |
|a Boca Raton:
|b Interpharm/CRC,
|c 2005.
|
| 300 |
# |
# |
|a 447 pages;
|c 28 cm.
|
| 336 |
# |
# |
|a text
|2 rdacontent
|
| 337 |
# |
# |
|a unmediated
|2 rdamedia
|
| 338 |
# |
# |
|a volume
|2 rdacarrier
|
| 504 |
# |
# |
|a Includes bibliographical references
|
| 650 |
# |
0 |
|a Medical instruments and apparatus industry --
|x Quality control
|
| 650 |
# |
0 |
|a ISO 9000 Series Standards
|
| 650 |
# |
0 |
|a Equipment and Supplies --
|x standards
|
| 650 |
# |
0 |
|a Pharmaceutical Preparations --
|x standards
|
| 650 |
# |
0 |
|a Health Care Sector
|
| 650 |
# |
0 |
|a Management Audit
|
| 999 |
|
|
|a B000041225
|b Book
|c Book
|e Business Information Centre
|